|
|
|
|
| LEADER |
00000cam a2200000 a 4500 |
| 001 |
vtls001460935 |
| 003 |
SK-MaSNL |
| 005 |
20260512134319.0 |
| 008 |
240226s2003 xo f n 000 0 slo |
| 015 |
|
|
|a SNBD2004/03-01249
|
| 035 |
|
|
|a SNK000416242
|
| 035 |
|
|
|a urn:nbn:sk:snk-am3ix1e
|
| 035 |
|
|
|a 4B417DE4-F963-46C9-8035-85B6DD73E40C
|
| 035 |
|
|
|a urn:nbn:sk:snk-am00g3or
|
| 040 |
|
|
|a SNK
|b slo
|c SNK
|e AACR2
|
| 041 |
0 |
|
|a slo
|b eng
|b slo
|
| 043 |
|
|
|a e-xo---
|
| 044 |
|
|
|a xo
|c SK
|
| 072 |
|
7 |
|a 658
|x Riadenie a správa podniku
|2 konspekt
|
| 080 |
|
|
|a 658.016
|2 2001
|
| 080 |
|
|
|a 338.246.025.88
|2 2001
|
| 080 |
|
|
|a 334.75
|2 2001
|
| 080 |
|
|
|a (437.6)
|2 2001
|
| 080 |
|
|
|a (084.3)
|2 2001
|
| 100 |
1 |
|
|a Kasper, Ján,
|d 1955-
|4 aut
|9 38155
|
| 245 |
1 |
0 |
|a Strategické podniky v Slovenskej republike a ich privatizácia
|b autoreferát dizertačnej práce
|c Ján Kasper ; školiteľ: Ján Rudy
|
| 260 |
|
|
|a Bratislava
|b [Univerzita Komenského]
|c 2003
|
| 300 |
|
|
|a 27 s.
|c 21 cm
|
| 504 |
|
|
|a Bibliografia
|
| 546 |
|
|
|a Res. angl., slov.
|
| 650 |
0 |
7 |
|a ekonomická transformácia
|2 SNKPH
|9 4367
|
| 650 |
0 |
7 |
|a reštrukturalizácia podnikov
|2 SNKPH
|9 67053
|
| 650 |
0 |
7 |
|a privatizácia
|2 SNKPH
|9 2343
|
| 650 |
0 |
7 |
|a strategické podniky
|2 SNKPH
|9 714072
|
| 650 |
0 |
7 |
|a vlastnícke transakcie
|2 SNKPH
|9 86234
|
| 651 |
|
7 |
|a Slovensko
|2 SNKPHgeo
|9 14231
|
| 655 |
|
7 |
|a doktorandské práce
|2 SNKPH
|9 70807
|
| 655 |
|
7 |
|a tézy
|2 SNKPH
|9 70670
|
| 700 |
1 |
|
|a Rudy, Ján,
|d 1951-
|4 ths
|9 191206
|
| 710 |
2 |
|
|a Univerzita Komenského v Bratislave.
|b Fakulta managementu
|4 oth
|9 32775
|
| 958 |
|
|
|a OND
|
| 999 |
|
|
|c 1114107
|d 1116037
|
| 952 |
|
|
|a SNK
|b SNK
|y PREZ
|7 0
|p 17A0399469
|o snkSC 113302
|i snkKSP 13059/2003
|8 0
|0 0
|1 0
|4 0
|d 2003-10-10
|f 1
|l 0
|r 2025-10-02 00:00:00
|w 2026-02-24
|